Farm business survey (Record no. 103335)

MARC details
000 -LEADER
fixed length control field 00255cam a2200121 4500
001 - CONTROL NUMBER
control field J125088
008 - FIXED-LENGTH DATA ELEMENTS--GENERAL INFORMATION
fixed length control field 040209n 000 0 eng u
035 ## - SYSTEM CONTROL NUMBER
System control number (Sirsi) u125088
041 ## - LANGUAGE CODE
Language code of text/sound track or separate title eng
110 ## - MAIN ENTRY--CORPORATE NAME
Corporate name or jurisdiction name as entry element DEFRA
245 ## - TITLE STATEMENT
Title Farm business survey
942 ## - ADDED ENTRY ELEMENTS (KOHA)
Suppress in OPAC 0

No items available.